Oceľové mosty 1: Príklady /

Na minha lista:
Detalhes bibliográficos
Main Authors: Gocál, Jozef (Author), Hlinka, Richard (Author)
Outros Autores: Kvočák, Vincent (Reviewer), Vičan, Josef (Reviewer)
Formato: Livro
Idioma:eslovaco
Publicado em: Žilina: EDIS, 2018
Edição:1. vyd.
Assuntos:
Tags: Adicionar Tag
Sem tags, seja o primeiro a adicionar uma tag!

MARC

LEADER 00000nam a22000003a 4500
001 0091870
003 SK-STU
005 20211130144337.1
007 ta
008 211130s ----xo-----e------000-0-----d
020 |a 978-80-554-1443-0 
040 |a STU  |b slo 
041 0 |a slo  |h slo 
044 |a xo 
100 1 |a Gocál, Jozef  |4 aut 
245 1 0 |a Oceľové mosty 1:  |b Príklady /  |c aut. Jozef Gocál, Richard Hlinka ; rec. Vincent Kvočák, Josef Vičan 
250 |a 1. vyd. 
260 |a Žilina:  |b EDIS,  |c 2018 
300 |a 177 s. 
500 |a Súčasťou je CD-ROM s výkresovými prílohami 
650 0 7 |a oceľový most 
650 0 7 |a oceľová mostná konštrukcia 
650 0 7 |a železničný most 
700 1 |a Hlinka, Richard  |4 aut 
700 1 |a Kvočák, Vincent  |4 rev 
700 1 |a Vičan, Josef  |4 rev  |X 1044  |7 A000001044 
996 |b 284V037648  |c V* 43823/S-21  |l VVT  |s A  |a 24  |w 0091870_0001